Qualifications places européennes 2025-2026 (football) - Statistiques

Statistiques générales
  • Ce quiz a été pris 158 fois
  • Le résultat moyen est 35 sur 54
Statistiques - réponses
Natio. Club % Correct
🇫🇷 Olympique lyonnais
95%
🇪🇸 Real Madrid
94%
🇫🇷 Olympique de Marseille
93%
🇪🇸 FC Barcelone
91%
🇮🇹 Inter Milan
90%
🇫🇷 Paris Saint-Germain
89%
🇪🇸 Atletico de Madrid
87%
🇮🇹 Juventus Turin
86%
🏴󠁧󠁢󠁥󠁮󠁧󠁿 Manchester City
86%
🇮🇹 SSC Naples
86%
🏴󠁧󠁢󠁥󠁮󠁧󠁿 Liverpool FC
85%
🏴󠁧󠁢󠁥󠁮󠁧󠁿 Arsenal FC
82%
🏴󠁧󠁢󠁥󠁮󠁧󠁿 Chelsea FC
82%
🇩🇪 Bayern Munich
80%
🇫🇷 LOSC Lille
80%
🇩🇪 Borussia Dortmund
76%
🇳🇱 Ajax Amsterdam
75%
🇫🇷 AS Monaco
75%
🇫🇷 OGC Nice
75%
🇳🇱 PSV Eindhoven
75%
🇫🇷 RC Strasbourg
75%
🏴󠁧󠁢󠁥󠁮󠁧󠁿 Tottenham Hotspur
75%
🏴󠁧󠁢󠁥󠁮󠁧󠁿 Aston Villa
74%
🇮🇹 AS Rome
72%
🇮🇹 Atalanta Bergame
72%
🏴󠁧󠁢󠁥󠁮󠁧󠁿 Newcastle United
71%
🇵🇹 Benfica
70%
🇪🇸 Villarreal CF
70%
🇵🇹 FC Porto
69%
🇧🇪 Sporting Charleroi
69%
🇵🇹 Sporting CP
69%
🇪🇸 Real Betis
67%
🇩🇪 Bayer Leverkusen
66%
🏴󠁧󠁢󠁥󠁮󠁧󠁿 Nottingham Forrest
66%
🇮🇹 ACF Fiorentina
64%
🇧🇪 Club Bruges
64%
🇳🇱 Feyenoord Rotterdam
63%
🇮🇹 Bologne FC
56%
🇵🇹 SC Braga
54%
🇧🇪 Union Saint-Gilloise
53%
🏴󠁧󠁢󠁥󠁮󠁧󠁿 Crystal Palace
48%
🇩🇪 Eintracht Francfort
47%
🇧🇪 KRC Genk
46%
🇧🇪 RSC Anderlecht
46%
🇳🇱 AZ Alkmaar ou FC Twente
45%
🇩🇪 VfB Stuttgart
43%
🇪🇸 Celta Vigo
32%
🇩🇪 FSV Mayence 05
30%
🇩🇪 SC Fribourg
29%
🇳🇱 FC Utrecht
25%
🇪🇸 Rayo Vallecano
25%
🇵🇹 CD Santa Clara
14%
🇳🇱 Go Ahead Eagles
14%
🇪🇸 Athletic Club Bilbao
13%
Aucun quiz correspondant
Distribution des résultats
% des personnes avec chaque résultat
Percentile par nombre de réponses
Votre historique - résultats
Vous n’avez pas pris ce quiz